l'an I de la repuBLic d'egypte : /

محفوظ في:

المؤلف الرئيسي: sekaly, achille

التنسيق: كتاب

اللغة: Undetermined

منشور في: le caire : la direction des relations puBLiques des forces armees, 1954.

الموضوعات:

الوسوم: إضافة وسم

لا توجد وسوم, كن أول من يضع وسما على هذه التسجيلة!

رقم الطلب: DT107.83 S4

LEADER 00610nam a2200157Ia 4500
008 220401s9999||||xx |||||||||||||| ||und||
050 4 |a DT107.83 S4 
100 1 |a sekaly, achille 
245 1 0 |a l'an I de la repuBLic d'egypte :  |b  /  |c achille sekaly. 
264 1 |a le caire :  |b la direction des relations puBLiques des forces armees,  |c 1954. 
300 |a 233p. :  |b  ;  |c cm. 
650 1 4 |a egypt history revolution, 1952. 
650 1 4 |a egypt politics and government. 
942 |2 lcc  |c BK 
952 |0 0  |1 0  |2 lcc  |4 0  |6 DT010783 S4  |7 1  |9 39367  |a ARCE  |b ARCE  |d 2022-04-01  |l 0  |o DT107.83 S4  |r 2022-04-01 00:00:00  |w 2022-04-01  |y BK 
999 |c 46948  |d 46948